000 00476nam a2200181Ia 4500
005 20250923145739.0
008 008 250917s9999 xx 000 0 eng d
037 _aTextual
040 _aDSWL
_beng
_cDSWL
041 _aeng
_2eng
084 _aS8, N82
_qDSWL
100 _aRai, B.C.
_9838554
245 0 _aSocial psychology
_cby B.C.Rai
260 _aLucknow
_b Prashan Kendra
300 _aii,511p.
942 _cTEXL
_hS8, N82
999 _c1455158
_d1455158